000 00579nam a22002177a 4500
001 35424
003 BD-RjUL
005 20211209052322.0
008 140524r19511947nyu |||| |||| 001 0 eng d
035 _a(BD-RjUL)35518
040 _aBD-RjUL
_beng
_cBD-RjUL
041 _aeng
082 0 0 _220
_a303.33
_bROS 1951
100 1 _aRouček Joseph S
_9107865
245 _aSocial control /
_cJoseph S Rouček
260 _aNew York :
_b Van Nostrand,
_c1951.
300 _aviii,584 p ;
_c21 cm.
504 _aIncludes Index
650 _aSocial control.
_918610
942 _2ddc
_cBK
999 _c35424
_d35424